Score 0/26 Timer 02:00
0 Plays Today
Hint Answer % Correct
(O) ____ Upon a Time in WonderlandOnce
96.7%
(K) ____ of the HillKing
95.2%
(J) ____ the Two of UsJust
94.8%
(W) ____ & GraceWill
93%
(S) ____ of AnarchySons
92.5%
(L) ____ in SpaceLost
92.4%
(A) ____ McBealAlly
92.1%
(T) ____ BloodTrue
90.8%
(U) ____ BettyUgly
90.6%
(R) ____ HourRush
89.6%
(X) ____: Warrior PrincessXena
88.1%
(M) ____ & MindyMork
87%
(F) ____ of a KindFour
84.8%
Hint Answer % Correct
(P) ____ & Teller: Fool UsPenn
82.7%
(B) ____ BurgersBob's
80.8%
(H) ____ Street BluesHill
80%
(G) ____ EatsGood
78%
(V) ____ La BamViva
78%
(I) ____ Chef AmericaIron
76.1%
(D) ____ AngelDark
72.9%
(E) ____ StreetEasy
64.4%
(C) ____ the MidwifeCall
59.1%
(N) ____ BlueNYPD
59.1%
(Y) __ __-Oh! Duel MonstersYu-Gi
54%
(Z) ____ Grey TheatreZane
42.5%
(Q) ____ TimeQuiz
28.9%

Today's Daily Dose

Missing Word
Marvin Gaye Songs

Quick Pick
Movies of 2019

Get the Picture
Chinese Cities

You're not logged in!

Compare scores with friends on all Sporcle quizzes.
OR
Log In

Sporcle TV

Today on Sporcle TV


Watch our educational content, quiz creation guides, and fun videos on Sporcle TV.

Show Comments

Extras

Top Quizzes Today


Score Distribution

Your Account Isn't Verified!

In order to create a playlist on Sporcle, you need to verify the email address you used during registration. Go to your Sporcle Settings to finish the process.

Report this User

Report this user for behavior that violates our Community Guidelines.

Details: